The Bourne supremacy / (Record no. 533279)

000 -LEADER
fixed length control field 01066cam a2200313 a 4500
001 - CONTROL NUMBER
control field 1952566
003 - CONTROL NUMBER IDENTIFIER
control field NUST
005 - DATE AND TIME OF LATEST TRANSACTION
control field 20191219105315.0
008 - FIXED-LENGTH DATA ELEMENTS--GENERAL INFORMATION
fixed length control field 870102s1986 pauaf 000 1 eng
010 ## - LIBRARY OF CONGRESS CONTROL NUMBER
LC control number 87100059
038 ## - RECORD CONTENT LICENSOR
Staff Name MSOHAIL
040 ## - CATALOGING SOURCE
Original cataloging agency DLC
Transcribing agency DLC
Modifying agency DLC
-- OCoLC
-- DLC
043 ## - GEOGRAPHIC AREA CODE
Geographic area code n-us---
050 00 - LIBRARY OF CONGRESS CALL NUMBER
Classification number PS3562.U26
Item number B68 1986c
082 00 - DEWEY DECIMAL CLASSIFICATION NUMBER
Classification number 813.54
Edition number 19
100 1# - MAIN ENTRY--PERSONAL NAME
Personal name Ludlum, Robert,
Dates associated with a name 1927-2001.
9 (RLIN) 10844
245 14 - TITLE STATEMENT
Title The Bourne supremacy /
Statement of responsibility, etc. Robert Ludlum ; illustrated by Hodges Soileau.
250 ## - EDITION STATEMENT
Edition statement 1st ed.
260 ## - PUBLICATION, DISTRIBUTION, ETC.
Place of publication, distribution, etc. Franklin Center, Pa. :
Name of publisher, distributor, etc. Franklin Library,
Date of publication, distribution, etc. 1986.
300 ## - PHYSICAL DESCRIPTION
Extent 679 p., [2] leaves of plates :
Other physical details ill. ;
Dimensions 25 cm.
600 10 - SUBJECT ADDED ENTRY--PERSONAL NAME
Personal name Bourne, Jason
Titles and other words associated with a name (Fictitious character)
Form subdivision Fiction.
9 (RLIN) 23885
600 00 - SUBJECT ADDED ENTRY--PERSONAL NAME
Personal name Carlos,
Titles and other words associated with a name the Jackal
Form subdivision Fiction.
9 (RLIN) 23886
610 10 - SUBJECT ADDED ENTRY--CORPORATE NAME
Corporate name or jurisdiction name as entry element United States.
Subordinate unit Central Intelligence Agency
Form subdivision Fiction.
9 (RLIN) 11288
650 #0 - SUBJECT ADDED ENTRY--TOPICAL TERM
Topical term or geographic name entry element Terrorists
Form subdivision Fiction.
9 (RLIN) 23887
655 #7 - INDEX TERM--GENRE/FORM
Genre/form data or focus term Adventure stories.
Source of term gsafd
9 (RLIN) 6723
655 #7 - INDEX TERM--GENRE/FORM
Genre/form data or focus term Spy stories.
Source of term gsafd
9 (RLIN) 8087
906 ## - LOCAL DATA ELEMENT F, LDF (RLIN)
a 7
b cbc
c orignew
d 2
e ncip
f 19
g y-gencatlg
942 ## - ADDED ENTRY ELEMENTS (KOHA)
Source of classification or shelving scheme
Koha item type Book
Holdings
Withdrawn status Lost status Source of classification or shelving scheme Damaged status Not for loan Permanent Location Current Location Date acquired Total Checkouts Full call number Barcode Date last seen Price effective from Koha item type
          School of Civil and Environmental Engineering (SCEE) School of Civil and Environmental Engineering (SCEE) 12/19/2019   813.54 NIT-8854 12/19/2019 12/19/2019 Book
© 2023 Central Library, National University of Sciences and Technology. All Rights Reserved.